000 00446nam a2200181Ia 4500
008 230524s9999 xx 000 0 und d
020 _a0074519654
082 _a621.3912
_bBHA
100 _aN.N.Bhargava
245 0 _aBasic Electronics and Linear Circuits
250 _a38TH
260 _aNEW DELHI
_bTMH
_c2004
300 _aXIII;430
500 _aQuantity Number: 5
650 _aElectronics
700 _a D.C.Kulshreshtha
942 _cBK
999 _c4460
_d4460